Ethical investment (Record no. 79483)
[ view plain ]
| 000 -LEADER | |
|---|---|
| fixed length control field | 01071cab a22002175a 4500 |
| 001 - CONTROL NUMBER | |
| control field | L141403 |
| 008 - FIXED-LENGTH DATA ELEMENTS--GENERAL INFORMATION | |
| fixed length control field | 071121e20071117xxk f s 000 0 eng d |
| 035 ## - SYSTEM CONTROL NUMBER | |
| System control number | (Sirsi) u141403 |
| 041 0# - LANGUAGE CODE | |
| Language code of text/sound track or separate title | eng |
| 100 1# - MAIN ENTRY--PERSONAL NAME | |
| Personal name | Dixon, Tim |
| 245 00 - TITLE STATEMENT | |
| Title | Ethical investment |
| 260 ## - PUBLICATION, DISTRIBUTION, ETC. | |
| Date of publication, distribution, etc. | 2007 |
| 490 ## - SERIES STATEMENT | |
| Series statement | Estates Gazette |
| Volume/sequential designation | (0746) 17 November 2007, 166-168(3) |
| 520 ## - SUMMARY, ETC. | |
| Summary, etc. | Reports on trends which show surveyors becoming more environmentally aware. Reports on a RICS survey of its members' attitude to sustainability (L139793). A RICS publication (L138664) is identified as a positive guide to members. The most important issues are seen as energy supply, land contamination, waste management and transport. Examines drivers of the change in attitudes, finding that client demand, legal compliance and moral obligation are key factors. Provides a statistical overview of findings from the RICS survey. |
| 590 ## - LOCAL NOTE (RLIN) | |
| Local note | KA |
| 651 #4 - SUBJECT ADDED ENTRY--GEOGRAPHIC NAME | |
| Geographic name | International |
| 690 ## - LOCAL SUBJECT ADDED ENTRY--TOPICAL TERM (OCLC, RLIN) | |
| Topical term or geographic name as entry element | ENVIRONMENTAL AND LAND CONSULTANCY-SUSTAINABILITY |
| 700 1# - ADDED ENTRY--PERSONAL NAME | |
| Personal name | Shiers, David |
| 700 1# - ADDED ENTRY--PERSONAL NAME | |
| Personal name | Brown, Stephen |
| 942 ## - ADDED ENTRY ELEMENTS (KOHA) | |
| Suppress in OPAC | 0 |
| Withdrawn status | Lost status | Source of classification or shelving scheme | Damaged status | Not for loan | Home library | Current library | Shelving location | Date acquired | Total Checkouts | Full call number | Barcode | Date last seen | Copy number | Price effective from | Koha item type |
|---|---|---|---|---|---|---|---|---|---|---|---|---|---|---|---|
| Dewey Decimal Classification | London | London | Journal article | 21/11/2007 | L141403 | 141403-1001 | 06/08/2019 | 1 | 06/08/2019 | Journal article |